[Event "+2100 Fast"]
[Site "SchemingMind.com"]
[Date "2009.02.02"]
[Round "-"]
[White "Dr_Pat"]
[Black "waldron"]
[Result "1/2-1/2"]
[WhiteCountry "USA"]
[BlackCountry "USA"]
[WhiteElo "2155"]
[WhiteRD "51"]
[BlackElo "2124"]
[BlackRD "68"]
[GameID "190112"]

1. d4 Nf6 2. c4 c5 3. d5 e6 4. Nc3 exd5 5. cxd5 d6 6. e4 g6 7. f4 Bg7 8. Bb5+ Nfd7 9. a4 O-O 10. Nf3 Na6
11. O-O Nb4 12. a5 a6 13. Bc4 b5 14. axb6 Nxb6 15. Bd3 Nxd3 16. Qxd3 Re8 17. Re1 Bg4 18. Rxa6 Rxa6 19. Qxa6 Bxf3 20. gxf3 Bxc3=
1/2-1/2

[Event "+2100 Fast"]
[Site "SchemingMind.com"]
[Date "2009.02.02"]
[Round "-"]
[White "waldron"]
[Black "Dr_Pat"]
[Result "0-1"]
[WhiteCountry "USA"]
[BlackCountry "USA"]
[WhiteElo "2128"]
[WhiteRD "71"]
[BlackElo "2140"]
[BlackRD "55"]
[GameID "190113"]

1. c4 Nf6 2. g3 g6 3. Bg2 Bg7 4. Nc3 O-O 5. e4 d6 6. Nge2 e5 7. O-O Nc6 8. d3 Be6 9. h3 Qd7 10. Kh2 Nb4
11. Nd5 a5 12. f4 Bxd5 13. cxd5 exf4 14. Nxf4 Qb5 15. a3 Na6 16. d4 Rfe8 17. Re1 Nd7 18. Be3 c5 19. dxc5 Naxc5 20. Rb1 a4
21. Qe2 Qxe2 22. Rxe2 Nxe4 23. Rc1 Nec5 24. Rcc2 Rac8 25. h4 Be5 26. Bf2 Nf6 27. Bxc5 Rxc5 28. Rxc5 dxc5 29. Bf3 Bxf4 30. Rxe8+ Nxe8
31. gxf4 Nd6 32. Be2 h5 33. Kg2 Kg7 34. Kf2 Kf6 35. Bd3 Ke7 36. Ke3 Nf5+ 37. Kf2 Kd6 38. Bb5 Nxh4 39. Bxa4 Nf5 40. Bb3 b5
0-1

[Event "+2100 Fast"]
[Site "SchemingMind.com"]
[Date "2009.02.04"]
[Round "-"]
[White "n_antonov"]
[Black "Dr_Pat"]
[Result "1/2-1/2"]
[WhiteCountry "BUL"]
[BlackCountry "USA"]
[WhiteElo "2177"]
[WhiteRD "76"]
[BlackElo "2138"]
[BlackRD "50"]
[GameID "190672"]

1. d4 d5 2. c4 c6 3. Nf3 Nf6 4. e3 e6 5. Bd3 Nbd7 6. O-O dxc4 7. Bxc4 b5 8. Bd3 Bb7 9. e4 a6 10. a4 Be7
11. e5 Nd5 12. Nc3 Nxc3 13. bxc3 Nb6 14. axb5 cxb5 15. Nd2 Na4 16. Ne4 Rc8 17. Qg4 g6 18. Bd2 O-O 19. Rfc1 Re8 20. Bc2 Nb2
21. Ng5 Qd7 22. Qh4 Bxg5 23. Bxg5 Rxc3 24. Bh6 Qd8 25. Bg5 Qd5 26. f3 Rec8 27. Bh6 Qd8 28. Bg5 Qb6 29. Bh6 Nc4 30. Kh1 Qd8
31. Bg5 Qc7 32. Qh6 Ne3 33. Bxe3 Rxc2 34. Qg5 Qc3 35. Rxc2 Qxa1+ 36. Bg1 Rxc2 37. Qd8+=
1/2-1/2

[Event "+2100 Fast"]
[Site "SchemingMind.com"]
[Date "2009.02.04"]
[Round "-"]
[White "n_antonov"]
[Black "waldron"]
[Result "1/2-1/2"]
[WhiteCountry "BUL"]
[BlackCountry "USA"]
[WhiteElo "2172"]
[WhiteRD "86"]
[BlackElo "2124"]
[BlackRD "68"]
[GameID "190673"]

1. e4 e5 2. Nf3 Nc6 3. Bb5 a6 4. Ba4 Nf6 5. O-O Be7 6. Re1 b5 7. Bb3 O-O 8. c3 d5 9. exd5 Nxd5 10. Nxe5 Nxe5
11. Rxe5 c6 12. d4 Bd6 13. Re1 Qh4 14. g3 Qh3 15. Bxd5 cxd5 16. Qf3 Bf5 17. Qxd5 Rae8 18. Bd2 Qg4 19. Na3 Bxa3 20. f3 Be6
21. fxg4 Bxd5 22. bxa3 f6 23. g5 Kf7 24. gxf6 Kxf6 25. a4 Rxe1+ 26. Rxe1 bxa4 27. a3 Rb8 28. Re5 Rb5 29. Bg5+ Kg6 30. Be7 Bc4=
31. Bc5=
1/2-1/2

[Event "+2100 Fast"]
[Site "SchemingMind.com"]
[Date "2009.02.04"]
[Round "-"]
[White "Dr_Pat"]
[Black "n_antonov"]
[Result "1/2-1/2"]
[WhiteCountry "USA"]
[BlackCountry "BUL"]
[WhiteElo "2155"]
[WhiteRD "51"]
[BlackElo "2172"]
[BlackRD "86"]
[GameID "190674"]

1. d4 d5 2. c4 e6 3. Nc3 Nf6 4. Bg5 Nbd7 5. e3 c6 6. Nf3 Qa5 7. Nd2 Bb4 8. Qc2 O-O 9. Be2 e5 10. O-O exd4
11. Nb3 Qc7 12. Nxd4 Bxc3 13. bxc3 dxc4 14. Bxc4 Qa5 15. Bf4 Nb6 16. Nb3 Qa4 17. Bd3 Nbd5 18. Bg3 Re8 19. a3 b6 20. c4 Ne7
21. Bh4 Ng6 22. Bxf6 gxf6 23. Rfd1 c5 24. Be4 Rb8 25. Rd6 Bb7 26. Bxb7 Rxb7 27. Rc1 Rd7 28. Rxd7 Qxd7 29. Nd2 Nh4=
1/2-1/2

[Event "+2100 Fast"]
[Site "SchemingMind.com"]
[Date "2009.02.04"]
[Round "-"]
[White "waldron"]
[Black "n_antonov"]
[Result "1/2-1/2"]
[WhiteCountry "USA"]
[BlackCountry "BUL"]
[WhiteElo "2124"]
[WhiteRD "68"]
[BlackElo "2172"]
[BlackRD "86"]
[GameID "190675"]

1. c4 e5 2. Nc3 Nf6 3. g3 Bb4 4. Bg2 Nc6 5. e4 O-O 6. Nge2 Bc5 7. O-O d6 8. d3 Bg4 9. h3 Bd7 10. Kh2 h6
11. Nd5 Nxd5 12. cxd5 Nd4 13. Be3 c6 14. Rc1 cxd5 15. Nxd4 exd4 16. Bd2 dxe4 17. Bxe4 a5 18. Qf3 Qb6 19. b3 Bc6 20. Rfe1 Rae8
21. Bxc6 bxc6 22. Qg4 Kh7 23. Qf5+ Kg8 24. Qg4= Kh7 25. Qf5+ Kg8 26. Qg4 Kh7
1/2-1/2

[Event "+2100 Fast"]
[Site "SchemingMind.com"]
[Date "2009.02.08"]
[Round "-"]
[White "Konan_Kaddosh"]
[Black "Dr_Pat"]
[Result "1-0"]
[WhiteCountry "ITA"]
[BlackCountry "USA"]
[WhiteElo "2602"]
[WhiteRD "70"]
[BlackElo "2138"]
[BlackRD "50"]
[GameID "191282"]

1. e4 Nf6 2. e5 Nd5 3. d4 d6 4. Nf3 Bg4 5. Be2 e6 6. O-O Be7 7. c4 Nb6 8. h3 Bh5 9. Nc3 O-O 10. Be3 N8d7
11. exd6 cxd6 12. b3 Qc7 13. Rc1 Nf6 14. g4 Bg6 15. Nh4 Rae8 16. g5 Nfd7 17. Re1 e5 18. c5 dxc5 19. Nxg6 hxg6 20. dxc5 Nxc5
21. Ne4 Rd8 22. Qc2 Qd7 23. Nxc5 Qxh3 24. Nxb7 Rd7 25. Qe4
1-0

[Event "+2100 Fast"]
[Site "SchemingMind.com"]
[Date "2009.02.08"]
[Round "-"]
[White "Konan_Kaddosh"]
[Black "waldron"]
[Result "1-0"]
[WhiteCountry "ITA"]
[BlackCountry "USA"]
[WhiteElo "2602"]
[WhiteRD "70"]
[BlackElo "2132"]
[BlackRD "73"]
[GameID "191283"]

1. e4 Nc6 2. d4 d5 3. Nc3 e6 4. Nf3 Nf6 5. e5 Ne4 6. Bd3 f5 7. exf6 Nxf6 8. O-O Bd6 9. Re1 O-O 10. Nb5 Nb4
11. Bf1 Nc6 12. h3 Bd7 13. c4 Bb4 14. Nc3 Ne4 15. Re3 Bxc3 16. bxc3 Be8 17. Ba3 Rf4 18. Qb1 Rb8 19. Bd3 Bg6 20. Qc2 Qf6
21. Rae1 Rd8 22. cxd5 exd5 23. Qb3 Na5 24. Qb1 a6 25. Ne5 Bf5 26. f3 Nd6 27. Qb4 b6 28. Bxa6 Qg5 29. Qb2 h6 30. Bxd6 Rxd6
31. Qe2 Bxh3 32. Nd3 Rh4 33. Re8+ Kh7 34. Ne5 Qh5 35. Bd3+ Bf5 36. Bxf5+ Qxf5 37. g4
1-0

[Event "+2100 Fast"]
[Site "SchemingMind.com"]
[Date "2009.02.08"]
[Round "-"]
[White "Konan_Kaddosh"]
[Black "n_antonov"]
[Result "1-0"]
[WhiteCountry "ITA"]
[BlackCountry "BUL"]
[WhiteElo "2611"]
[WhiteRD "68"]
[BlackElo "2172"]
[BlackRD "86"]
[GameID "191284"]

1. e4 c5 2. Nf3 d6 3. d4 cxd4 4. Nxd4 Nf6 5. Nc3 a6 6. Be3 e5 7. Nf3 Qc7 8. h3 h6 9. g3 Be7 10. Bg2 O-O
11. Nh4 Nc6 12. O-O Na5 13. Nf5 Nc4 14. Nxe7+ Qxe7 15. Bc1 Be6 16. b3 Nb6 17. Qd3 Rad8 18. Ba3 Nc8 19. f4 Qc7 20. fxe5 dxe5
21. Nd5 Bxd5 22. exd5 Rfe8 23. c4 b5 24. Kh2 e4 25. Qe2 Re5 26. Rxf6 gxf6 27. Bc1 Ne7 28. Bxh6 Ng6 29. Rf1 bxc4 30. bxc4 f5
31. Be3 Rb8 32. Rd1 Rd8 33. Bd4 Rb8 34. Qe3 Qxc4 35. Bxe5 Nxe5 36. Qg5+ Ng6 37. Qxf5 e3 38. Rf1 Rf8 39. Re1 Qd4 40. Qe4 Qxe4
41. Bxe4 Re8 42. Bc2 Re5 43. Bb3 Kf8 44. d6 Re4 45. d7 Rd4 46. Rxe3 Rxd7 47. h4 Kg7 48. Kh3 Rd4 49. Rc3 Ne5 50. Rc5 f6
51. Bc2 Nd3 52. Rc7+ Kh8 53. Bxd3 Rxd3 54. Kg4 Ra3 55. Rf7
1-0

[Event "+2100 Fast"]
[Site "SchemingMind.com"]
[Date "2009.02.08"]
[Round "-"]
[White "Dr_Pat"]
[Black "Konan_Kaddosh"]
[Result "0-1"]
[WhiteCountry "USA"]
[BlackCountry "ITA"]
[WhiteElo "2138"]
[WhiteRD "50"]
[BlackElo "2602"]
[BlackRD "70"]
[GameID "191285"]

1. d4 Nf6 2. c4 e6 3. Nc3 Bb4 4. Qc2 O-O 5. Nf3 c5 6. dxc5 Na6 7. a3 Bxc3+ 8. Qxc3 Nxc5 9. e3 a5 10. Be2 d6
11. O-O Nfe4 12. Qc2 e5 13. Nd2 Bf5 14. Nxe4 Bxe4 15. Qc3 Qb6 16. a4 Rfd8 17. f3 Bc6 18. Qc2 d5 19. Ra3 Rac8 20. Qf5 Bxa4
21. Qxe5 dxc4 22. Qc3 Qb4 23. e4 Bb3 24. Qxb4 axb4 25. Ra5 Ne6
0-1

[Event "+2100 Fast"]
[Site "SchemingMind.com"]
[Date "2009.02.08"]
[Round "-"]
[White "waldron"]
[Black "Konan_Kaddosh"]
[Result "0-1"]
[WhiteCountry "USA"]
[BlackCountry "ITA"]
[WhiteElo "2150"]
[WhiteRD "75"]
[BlackElo "2607"]
[BlackRD "67"]
[GameID "191286"]

1. e4 c5 2. Nc3 Nc6 3. f4 e6 4. Nf3 Nge7 5. d4 cxd4 6. Nxd4 Nxd4 7. Qxd4 Nc6 8. Qf2 d5 9. Bd3 d4 10. Nb1 a5
11. O-O Be7 12. Nd2 O-O 13. Nf3 b6 14. Bd2 Bc5 15. a3 Ba6 16. Bxa6 Rxa6 17. Ne1 Ra8 18. Nd3 Rc8 19. Qf3 Qd7 20. Rae1 Bd6
21. e5 Bb8 22. Nf2 Rfd8 23. Qd3 Ne7 24. Ne4 h6 25. Rc1 Qc6 26. Rf3 Bc7 27. g4 b5 28. Rh3 Ng6 29. Rh5 Rd5 30. h4 Bb6
31. Kh2 Bd8 32. g5 hxg5 33. hxg5 b4 34. axb4 axb4 35. Nd6 Rb8 36. Kg3 Be7 37. Nc4 Rdd8 38. Rch1 Bc5 39. Na5 Qa4 40. Nb3 Qc6
41. Ra1 Qc7 42. Kg4 Qc6 43. Rh2 Rb5 44. Kg3 Bb6 45. Ra6 Qd7 46. Ra4 Rxe5 47. Rxb4 Rf5 48. Rxb6 Qc7 49. Rb5 Nxf4 50. Rc5 Nh5+
51. Kh3 Rxc5 52. Nxc5 Qxc5 53. Kg2 g6 54. Rh4 e5 55. Re4 Ra8 56. Kf2 Ra1 57. Re1 Rxe1 58. Kxe1 Qd5 59. b3 Qh1+ 60. Qf1 Qh4+
61. Kd1 Ng3 62. Qf6 Ne4 63. Qxe5 Qg4+ 64. Ke1 Qg1+ 65. Ke2 Qf2+ 66. Kd3 Nxd2 67. Qxd4 Qxd4+ 68. Kxd4 Nf3+ 69. Kd5 Kf8 70. b4 Ke7
0-1

[Event "+2100 Fast"]
[Site "SchemingMind.com"]
[Date "2009.02.08"]
[Round "-"]
[White "n_antonov"]
[Black "Konan_Kaddosh"]
[Result "1/2-1/2"]
[WhiteCountry "BUL"]
[BlackCountry "ITA"]
[WhiteElo "2172"]
[WhiteRD "86"]
[BlackElo "2611"]
[BlackRD "68"]
[GameID "191287"]

1. d4 Nf6 2. c4 e6 3. Nc3 Bb4 4. Qc2 O-O 5. a3 Bxc3+ 6. Qxc3 b6 7. Bg5 Bb7 8. f3 h6 9. Bh4 d5 10. e3 Nbd7
11. cxd5 exd5 12. Bd3 c5 13. Ne2 Re8 14. O-O Qe7 15. Bf2 a5 16. dxc5 bxc5 17. Rac1 Ba6 18. Bxa6 Rxa6 19. Rfe1 Ne5 20. Nf4 c4
21. Red1 Qb7 22. Qd4 Nc6 23. Qd2 Rd8 24. Ne2 Rb6 25. Rc2 Ne5 26. Nf4 a4 27. Qc3 Re8 28. Qd2 Rb3 29. Nxd5 Nxd5 30. Qxd5 Qxd5
31. Rxd5 Nd3 32. e4 Nxb2 33. h4 c3 34. Rc5 Rxa3 35. R5xc3 Rxc3 36. Rxc3 Ra8 37. Ra3 Nc4 38. Rc3 Rc8 39. Bd4 a3 40. Rc2 Nd6
41. Rxc8+ Nxc8 42. Kf2 Ne7 43. Ke2 f5 44. Kd3 Kf7= 45. h5 g6 46. hxg6+ Nxg6 47. Kc2 Nh4 48. exf5=
1/2-1/2

[Event "+2100 Fast"]
[Site "SchemingMind.com"]
[Date "2009.02.15"]
[Round "-"]
[White "Aumonde"]
[Black "Dr_Pat"]
[Result "1-0"]
[WhiteCountry "USA"]
[BlackCountry "USA"]
[WhiteElo "2025"]
[WhiteRD "70"]
[BlackElo "2140"]
[BlackRD "55"]
[GameID "191967"]

1. e4 Nf6 2. Nc3 d5 3. exd5 Nxd5 4. Bc4 Nb6 5. Bb3 Nc6 6. a4 Nd4 7. Ba2 Bf5 8. d3 e6 9. Nge2 Bb4 10. O-O Nxe2+
11. Nxe2 O-O 12. Ng3 Bg6 13. a5 Nd5 14. c3 Bd6 15. Re1 c6 16. Ne4 Be7 17. Bc4
1-0

[Event "+2100 Fast"]
[Site "SchemingMind.com"]
[Date "2009.02.16"]
[Round "-"]
[White "Aumonde"]
[Black "Konan_Kaddosh"]
[Result "0-1"]
[WhiteCountry "USA"]
[BlackCountry "ITA"]
[WhiteElo "2025"]
[WhiteRD "70"]
[BlackElo "2618"]
[BlackRD "66"]
[GameID "191968"]

1. d4 Nf6 2. c4 e6 3. Nc3 Bb4 4. e3 c5 5. Bd3 O-O 6. Nf3 d5 7. O-O Nc6 8. a3 Bxc3 9. bxc3 Qc7 10. dxc5 dxc4
11. Bxc4 Ne4 12. a4 Na5 13. Bd3 Nxc5 14. Ba3 g6 15. Qc2 Rd8 16. Be2 e5 17. Nd2 Bf5 18. e4 Be6 19. c4 Rd7 20. Rfd1 Rad8
21. Bb4 b6 22. Rac1 Nc6
0-1

[Event "+2100 Fast"]
[Site "SchemingMind.com"]
[Date "2009.02.16"]
[Round "-"]
[White "Aumonde"]
[Black "waldron"]
[Result "0-1"]
[WhiteCountry "USA"]
[BlackCountry "USA"]
[WhiteElo "2025"]
[WhiteRD "70"]
[BlackElo "2128"]
[BlackRD "71"]
[GameID "191969"]

1. Nc3 e5 2. e4 Nf6 3. Nf3 Nc6 4. Bb5 Bb4 5. O-O O-O 6. d3 d6 7. Ne2 Ne7 8. c3 Ba5 9. Ng3 c6 10. Ba4 Ng6
11. d4 Re8 12. Bb3 h6 13. dxe5 dxe5 14. Qe2 Nf4 15. Qc2 Qe7 16. h3 Bb6
0-1

[Event "+2100 Fast"]
[Site "SchemingMind.com"]
[Date "2009.02.16"]
[Round "-"]
[White "Aumonde"]
[Black "n_antonov"]
[Result "0-1"]
[WhiteCountry "USA"]
[BlackCountry "BUL"]
[WhiteElo "2025"]
[WhiteRD "70"]
[BlackElo "2218"]
[BlackRD "63"]
[GameID "191970"]

1. Nf3 d5 2. c4 c6 3. d4 Nf6 4. e3 Bf5 5. Nc3 e6 6. Nh4 Bg4 7. Qb3 Qb6 8. h3 Bh5 9. g4 Bg6 10. Qxb6 axb6
11. g5 Nfd7 12. Nxg6 hxg6 13. f4 Na6 14. Bd2 dxc4 15. Be2 b5 16. O-O-O Nb4 17. Kb1 Be7 18. h4 Nb6 19. a3 Na6 20. Na2 Na4
21. h5 gxh5 22. Bxh5 Nc7 23. g6 f5 24. Bf3 Rxh1 25. Rxh1 Kd7 26. Rh7 Rg8 27. Nc1 Nb6 28. e4 fxe4
0-1

[Event "+2100 Fast"]
[Site "SchemingMind.com"]
[Date "2009.02.14"]
[Round "-"]
[White "Dr_Pat"]
[Black "Aumonde"]
[Result "1-0"]
[WhiteCountry "USA"]
[BlackCountry "USA"]
[WhiteElo "2140"]
[WhiteRD "55"]
[BlackElo "2025"]
[BlackRD "70"]
[GameID "191971"]

1. d4 d5 2. c4 c6 3. Nc3 Nf6 4. Nf3 a6 5. e3 b5 6. b3 Bg4 7. Be2 e6 8. O-O Bb4 9. Bd2 O-O 10. h3 Bxf3
11. Bxf3 Be7 12. c5 e5 13. b4 Nbd7 14. a4 e4 15. Be2 Re8 16. Qb3
1-0

[Event "+2100 Fast"]
[Site "SchemingMind.com"]
[Date "2009.02.14"]
[Round "-"]
[White "Konan_Kaddosh"]
[Black "Aumonde"]
[Result "1-0"]
[WhiteCountry "ITA"]
[BlackCountry "USA"]
[WhiteElo "2618"]
[WhiteRD "66"]
[BlackElo "2025"]
[BlackRD "70"]
[GameID "191972"]

1. d4 Nf6 2. c4 g6 3. Nf3 Bg7 4. g3 O-O 5. Bg2 d6 6. Nc3 Nc6 7. O-O a6 8. d5 Na5 9. b3 Rb8 10. Bd2 c5
11. dxc6 Nxc6 12. Rc1 Bf5 13. Be3 Qa5 14. Qd2 Ng4 15. Nd5 Qxd2 16. Bxd2 Rbc8 17. Bg5 Rfe8 18. h3 Nge5 19. Nxe5 Bxe5 20. Rcd1 Bg7
21. Be3 Nb8 22. Nb6 Rc7 23. c5 dxc5 24. g4
1-0

[Event "+2100 Fast"]
[Site "SchemingMind.com"]
[Date "2009.02.14"]
[Round "-"]
[White "waldron"]
[Black "Aumonde"]
[Result "1-0"]
[WhiteCountry "USA"]
[BlackCountry "USA"]
[WhiteElo "2128"]
[WhiteRD "71"]
[BlackElo "2025"]
[BlackRD "70"]
[GameID "191973"]

1. e4 e5 2. Bc4 Nf6 3. d4 exd4 4. Nf3 Nc6 5. e5 d5 6. Bb5 Ne4 7. Nxd4 Bd7 8. Bxc6 Bxc6 9. O-O Bd7 10. f3 Nc5
11. f4 Ne4 12. Qe2 Bc5 13. Be3 Bxd4 14. Bxd4 c5 15. Be3 O-O 16. Rd1 Bf5 17. g4
1-0

[Event "+2100 Fast"]
[Site "SchemingMind.com"]
[Date "2009.02.14"]
[Round "-"]
[White "n_antonov"]
[Black "Aumonde"]
[Result "1-0"]
[WhiteCountry "BUL"]
[BlackCountry "USA"]
[WhiteElo "2218"]
[WhiteRD "63"]
[BlackElo "2025"]
[BlackRD "70"]
[GameID "191974"]

1. e4 c6 2. d4 d5 3. e5 Bf5 4. Nf3 e6 5. Be2 c5 6. Be3 Nd7 7. O-O Ne7 8. c4 dxc4 9. Na3 Nd5 10. Nxc4 Be7
11. Nd6+ Bxd6 12. exd6 O-O 13. dxc5 Rc8 14. Rc1 Nxe3 15. fxe3 Rxc5 16. Rxc5 Nxc5 17. Qd4 Ne4 18. g4 Bg6 19. d7 Qc7 20. Ne5 Rd8
21. Nxg6 Ng3 22. Ne7+ Kf8 23. Qb4 Nxe2+ 24. Kg2 a5 25. Qa3 Qxd7 26. Nc6+ Kg8 27. Nxd8 Qxd8 28. Qb3 Nc1 29. Rd1 Qg5 30. Qc4 h5
31. Rxc1
1-0

[Event "+2100 Fast"]
[Site "SchemingMind.com"]
[Date "2009.02.14"]
[Round "-"]
[White "lupa7"]
[Black "Dr_Pat"]
[Result "1-0"]
[WhiteCountry "POL"]
[BlackCountry "USA"]
[WhiteElo "2397"]
[WhiteRD "79"]
[BlackElo "2140"]
[BlackRD "55"]
[GameID "192457"]

1. e4 Nf6 2. e5 Nd5 3. c4 Nb6 4. c5 Nd5 5. Bc4 e6 6. d4 d6 7. cxd6 cxd6 8. Nf3 Nc6 9. O-O Be7 10. Bd2 O-O
11. a3 dxe5 12. dxe5 Nb6 13. Ba2 Qd3 14. Nc3 Nc4 15. Bb1 Qd8 16. Qc2 g6 17. Bh6 N4xe5 18. Nxe5 Nxe5 19. Qe2 Nc6 20. Rd1 Qb6
21. Bxf8 Bxf8 22. Be4 Bg7 23. Na4
1-0

[Event "+2100 Fast"]
[Site "SchemingMind.com"]
[Date "2009.02.14"]
[Round "-"]
[White "lupa7"]
[Black "Konan_Kaddosh"]
[Result "1/2-1/2"]
[WhiteCountry "POL"]
[BlackCountry "ITA"]
[WhiteElo "2404"]
[WhiteRD "82"]
[BlackElo "2602"]
[BlackRD "70"]
[GameID "192458"]

1. e4 c5 2. Nf3 Nc6 3. Nc3 Nf6 4. Bb5 Qc7 5. O-O Nd4 6. Re1 a6 7. Bf1 e5 8. d3 Be7 9. Bg5 d6 10. Nxd4 cxd4
11. Bxf6 Bxf6 12. Nd5 Qa5 13. c3 dxc3 14. bxc3 Bd8 15. d4 O-O 16. Rb1 b5 17. c4 Bg5 18. h4 Bxh4 19. dxe5 dxe5 20. Qh5 Bd8
21. Qxe5 Be6 22. cxb5 axb5 23. Re2=
1/2-1/2

[Event "+2100 Fast"]
[Site "SchemingMind.com"]
[Date "2009.02.14"]
[Round "-"]
[White "lupa7"]
[Black "n_antonov"]
[Result "1-0"]
[WhiteCountry "POL"]
[BlackCountry "BUL"]
[WhiteElo "2405"]
[WhiteRD "78"]
[BlackElo "2172"]
[BlackRD "86"]
[GameID "192460"]

1. e4 e6 2. d4 d5 3. exd5 exd5 4. Nf3 Nf6 5. Nc3 Be7 6. Bd3 O-O 7. O-O Nc6 8. h3 Bd6 9. Bg5 Be6 10. Nb5 h6
11. Nxd6 cxd6 12. Bh4 Nb4 13. Be2 Nc6 14. c3 g5 15. Nxg5 hxg5 16. Bxg5 Bf5 17. Bf3 Kg7 18. Qd2 Rh8 19. Qf4 Bg6 20. Rfe1 Nb8
21. Bg4
1-0

[Event "+2100 Fast"]
[Site "SchemingMind.com"]
[Date "2009.02.14"]
[Round "-"]
[White "Dr_Pat"]
[Black "lupa7"]
[Result "0-1"]
[WhiteCountry "USA"]
[BlackCountry "POL"]
[WhiteElo "2140"]
[WhiteRD "55"]
[BlackElo "2397"]
[BlackRD "79"]
[GameID "192462"]

1. d4 Nf6 2. c4 c5 3. d5 d6 4. Nc3 Bf5 5. g3 Nbd7 6. Nf3 h6 7. Bg2 g5 8. O-O Bg7 9. Ne1 Bg6 10. Nd3 a6
11. Re1 O-O 12. Qb3 b5 13. cxb5 Nb6 14. Be3 Ng4 15. Nd1 Nxe3 16. Nxe3 Bd4 17. Nc4 Nxc4 18. Qxc4 axb5 19. Qc1 Qa5
0-1

[Event "+2100 Fast"]
[Site "SchemingMind.com"]
[Date "2009.02.14"]
[Round "-"]
[White "Konan_Kaddosh"]
[Black "lupa7"]
[Result "1-0"]
[WhiteCountry "ITA"]
[BlackCountry "POL"]
[WhiteElo "2618"]
[WhiteRD "66"]
[BlackElo "2397"]
[BlackRD "79"]
[GameID "192463"]

1. e4 e5 2. Nf3 Nc6 3. Bb5 Nf6 4. O-O Nxe4 5. d4 Be7 6. Qe2 Nd6 7. Bxc6 bxc6 8. dxe5 Nf5 9. Qe4 g6 10. c4 Rb8
11. Nc3 O-O 12. b3 Bb7 13. Rd1 d6 14. Bb2 Re8 15. Qd3 dxe5 16. Nxe5 Qxd3 17. Nxd3 Bf8 18. Na4 Rbd8 19. Kf1 Be7 20. Ndc5 Bc8=
21. Ne4 Ng7 22. Nf6+ Bxf6 23. Bxf6 Rd6 24. Bc3 Ne6 25. f3 h6 26. Re1 f5 27. Bb4 Rdd8 28. Re5 a6 29. Rae1 Kf7 30. Ba5 Bd7
31. h4 h5 32. Nb2 Bc8 33. R5e3 f4 34. Re5 Rd6 35. Na4 Bd7 36. Bb4 Rd3 37. R5e4 Rd8 38. Nc5 Nxc5 39. Rxf4+ Bf5 40. Bxc5 Kg8
41. g4
1-0

[Event "+2100 Fast"]
[Site "SchemingMind.com"]
[Date "2009.02.14"]
[Round "-"]
[White "waldron"]
[Black "lupa7"]
[Result "1/2-1/2"]
[WhiteCountry "USA"]
[BlackCountry "POL"]
[WhiteElo "2128"]
[WhiteRD "71"]
[BlackElo "2397"]
[BlackRD "79"]
[GameID "192464"]

1. c4 e5 2. g3 Nf6 3. Bg2 Bc5 4. Nc3 Bb6 5. b4 d6 6. e3 Nc6 7. Qa4 Bf5 8. Ba3 O-O 9. Bxc6 bxc6 10. c5 Qe7
11. cxb6 axb6 12. Qb3 d5 13. Nce2 d4 14. exd4 exd4 15. Kf1 Ne4 16. Bc1 Qf6 17. Kg2 d3 18. Bb2 Nxd2 19. Bxf6 Nxb3 20. axb3 gxf6
21. Rxa8 Rxa8 22. Nc3 Ra1 23. Nf3 Bh3+ 24. Kxh3 Rxh1 25. Kg4 Kg7 26. Ne4=
1/2-1/2

[Event "+2100 Fast"]
[Site "SchemingMind.com"]
[Date "2009.02.14"]
[Round "-"]
[White "n_antonov"]
[Black "lupa7"]
[Result "1/2-1/2"]
[WhiteCountry "BUL"]
[BlackCountry "POL"]
[WhiteElo "2177"]
[WhiteRD "76"]
[BlackElo "2404"]
[BlackRD "82"]
[GameID "192465"]

1. d4 Nf6 2. c4 c5 3. d5 d6 4. Nc3 Bf5 5. f3 g6 6. e4 Bc8 7. Bd3 Bg7 8. Nge2 Nbd7 9. O-O Qc7 10. Be3 O-O
11. Rb1 Ne5 12. a3 a6 13. Qd2 Bd7 14. b4 b6 15. Kh1 Rfe8 16. Bf4 Reb8 17. Bxe5 dxe5 18. Qe3 Ne8 19. Rfc1 Nd6 20. Kg1 Qa7
21. bxc5 bxc5 22. Qd2 Rxb1 23. Rxb1 Rb8 24. Qc1 Rb6 25. Rxb6 Qxb6 26. Qb1 Qxb1+ 27. Nxb1 Bh6 28. Kf2 Ba4 29. f4 exf4 30. e5 Nb7
31. Kf3 g5 32. Nbc3 Bd7 33. h4 g4+ 34. Ke4 f5+ 35. exf6 f3 36. gxf3 Nd6+ 37. Ke5 Nf7+ 38. Ke4 exf6 39. f4 f5+ 40. Ke3 Ne5
41. h5 Nxd3 42. Kxd3 Kg7 43. Ke3 Kf6 44. Ng3 Kf7 45. Nd1 Ke7 46. Nb2= Bg7 47. Nd1= Bf8 48. Kf2= Kf6 49. Nb2=
1/2-1/2